00741nam a22002417a 450000500170000001000130001702000240003003500130005403700160006704000120008308200120009510000170010724500490012424600060017326000480017927000480022730000200027550000610029565000220035665000270037865000480040565000460045320170124105924.0 aA-334406 c200.00a81710005255 aA-334406 bCen Lib/Ret aDPLbEN a320.954 aGehlot, N.S. aTrends in indian politics /cby N.S. Gehlot  b  bDeep & Deep Publications c1988aNew Delhi  bNew Delhi e110027aD-1/24, rajouri garden  a326p.c21cm(Hb) aIncludes appendix, bibliographical references and index  aPolitical Science aPolitical development  aराजनीति विज्ञान a राजनीतिक विकास